Uniform Business Rate (Record no. 62750)
[ view plain ]
| 000 -LEADER | |
|---|---|
| fixed length control field | 00844cam a2200217 4500 |
| 001 - CONTROL NUMBER | |
| control field | WB3610-45 |
| 008 - FIXED-LENGTH DATA ELEMENTS--GENERAL INFORMATION | |
| fixed length control field | 000000n2000 000 0 eng u |
| 035 ## - SYSTEM CONTROL NUMBER | |
| System control number | (Sirsi) u104566 |
| 245 ## - TITLE STATEMENT | |
| Title | Uniform Business Rate |
| 260 ## - PUBLICATION, DISTRIBUTION, ETC. | |
| Date of publication, distribution, etc. | 2000 |
| 490 ## - SERIES STATEMENT | |
| Series statement | RICS Scotland News Release |
| Volume/sequential designation | 2 March 2000 (3) |
| 520 ## - SUMMARY, ETC. | |
| Summary, etc. | RICS in Scotland has condemned the government announcement that the rate for business rates in Scotland is to be 45.8p in the pound compared to 41.6p in the pound in England. The RICS has warned that the higher rates will make bills up to 10% higher than many English cities, deterring inward investment to Scotland. |
| 590 ## - LOCAL NOTE (RLIN) | |
| Local note | WB |
| 650 ## - SUBJECT ADDED ENTRY--TOPICAL TERM | |
| Topical term or geographic name entry element | SCOTLAND |
| 650 ## - SUBJECT ADDED ENTRY--TOPICAL TERM | |
| Topical term or geographic name entry element | UNIFORM BUSINESS RATE |
| 650 ## - SUBJECT ADDED ENTRY--TOPICAL TERM | |
| Topical term or geographic name entry element | NON DOMESTIC RATES |
| 650 ## - SUBJECT ADDED ENTRY--TOPICAL TERM | |
| Topical term or geographic name entry element | BUSINESS RATES |
| 650 ## - SUBJECT ADDED ENTRY--TOPICAL TERM | |
| Topical term or geographic name entry element | RICS |
| 690 ## - LOCAL SUBJECT ADDED ENTRY--TOPICAL TERM (OCLC, RLIN) | |
| Topical term or geographic name as entry element | RATING AND LOCAL TAXATION |
| 942 ## - ADDED ENTRY ELEMENTS (KOHA) | |
| Suppress in OPAC | 0 |
| Withdrawn status | Lost status | Source of classification or shelving scheme | Damaged status | Not for loan | Home library | Current library | Shelving location | Date acquired | Total Checkouts | Full call number | Barcode | Date last seen | Copy number | Price effective from | Koha item type |
|---|---|---|---|---|---|---|---|---|---|---|---|---|---|---|---|
| Dewey Decimal Classification | London | London | News article | 03/03/2000 | WB3610-45 | 104566-1001 | 06/08/2019 | 1 | 06/08/2019 | News article |